| 000 | 00579nam a2200181Ia 4500 | ||
|---|---|---|---|
| 003 | GCL | ||
| 008 | 140319s9999 xx 000 0 ara d | ||
| 040 |
_aGCL / _cGCL |
||
| 082 | 0 | 4 |
_a191 _bع ا |
| 100 | 1 | _aعبدالرحمن بدوى | |
| 245 | 1 | 0 |
_aارسطو عند العرب دراسة ونصوص غير منشورة / _cعبدالرحمن بدوى |
| 260 |
_a[S.N] : _bوكالة المطبوعات ، _c1978 |
||
| 300 | _a333 ص | ||
| 490 |
_aدراسات اسلامية _v0 |
||
| 650 | 0 | 4 | _aالفلسفة اليونانية |
| 650 | 0 | 4 | _aارسطو |
| 942 |
_2ddc _cBK |
||
| 999 |
_c54454 _d54454 |
||